000 01041nam a22003495a 4500
001 17158942
003 OSt
005 20150408114143.0
008 120210s2012 cau a | b 001 0 eng
010 _a 2012933002
020 _a9781133364450
020 _a9781133590903
020 _a9781133590835
020 _a9781133590552
040 _aDLC
_cDLC
042 _apcc
082 _223
_a570
_bSCB
100 1 _aStarr, Cecie.
_938012
245 1 0 _aBiology today and tomorrow with physiology /
_cCecie Starr, Christine A. Evers, Lisa Starr.
250 _a4th Ed.
260 _aBelmont, CA :
_bBrooks/Cole, Cengage Learning,
_c2012.
300 _axix, 579 p :
_billustrations, maps ;
_c28 cm.
500 _aIncludes index.
504 _aIncludes bibliographical references
650 0 _aBiology.
650 0 _aBiology .
_xSocial aspects
700 1 _aEvers, Christine A.
_938013
700 1 _aStarr, Lisa.
_938014
906 _a0
_bibc
_corignew
_d2
_eepcn
_f20
_gy-gencatlg
942 _2ddc
_cBOOK
999 _c31310
_d265810